|
|
|
|
| LEADER |
01359nam a2200349 a 4500 |
| 001 |
0017322 |
| 003 |
BD-DhAAL |
| 005 |
20250408122046.0 |
| 008 |
240602t2001 xxua b 001 0 eng d |
| 020 |
|
|
|a 1857280946
|c (pbk)
|
| 020 |
|
|
|a 9781857280944
|
| 020 |
|
|
|a 1857280938
|c (hbk)
|
| 035 |
|
|
|a 1360793
|
| 040 |
|
|
|a BNB
|b eng
|c BNB
|d BNB
|d BD-DhAAL
|
| 082 |
|
|
|a 363.34
|
| 100 |
1 |
|
|a Alexander, David
|q (David E.)
|9 56455
|
| 245 |
1 |
0 |
|a Natural disasters /
|c David Alexander.
|
| 260 |
|
|
|a Boca Raton, United States :
|b CRC Press,
|c 2001.
|
| 300 |
|
|
|a xix, 630 pages :
|b illustrations ;
|c 24 cm
|
| 500 |
|
|
|a A revised and enlarged translation of the Italian work.
|
| 504 |
|
|
|a Includes bibliographical references and index.
|
| 526 |
|
|
|a PPDM
|x Mr. Mohammad Aminur Rahman
Research Assistant
|
| 541 |
|
|
|a Ahsania Mission Book Distribution House
|e 17322
|
| 650 |
|
0 |
|a Natural disasters.
|
| 650 |
|
0 |
|a Emergency management.
|
| 650 |
|
0 |
|a Geography.
|
| 650 |
|
0 |
|a Geology.
|
| 650 |
|
0 |
|a Sociology.
|
| 852 |
|
|
|a Ayesha Abed Library
|c General Stacks
|
| 942 |
|
|
|2 ddc
|c BK
|
| 999 |
|
|
|c 46689
|d 46689
|
| 952 |
|
|
|0 0
|1 0
|2 ddc
|4 0
|6 363_340000000000000_ALE
|7 0
|9 75580
|a BRACUL
|b BRACUL
|c GEN
|d 2024-06-02
|e Ahsania Mission Book Distribution House
|g 6273.41
|l 0
|o 363.34 ALE
|p 3010017322
|r 2024-06-02
|t 1
|w 2024-06-02
|y BK
|x Requisitioned by Mr. Mohammad Aminur Rahman (Research Assistant)
|